Szczegóły MARC21

Port szczeciński : dzieje i rozwój do 1970 roku : praca zbiorowa /

003 -Nazwa inst., której nr kontr. jest w polu 001 [,]
    • @
    • Nazwa instytucji, której n kontrolny jest w polu 001
    • NUKAT
005 -DATA I CZAS OSTATNIEJ MODYFIKACJI [,]
    • @
    • pole kontrolne
    • 20241231115442.0
040 -Instytucja sporządzająca opis [ , ]
    • a
    • Instytucja, która sporządziła opis (NP)
    • WA 51/EP
    • c
    • Instytucja, która sporządziła rekord (NP)
    • WA 51/EP
    • d
    • Instytucja, która zmodyfikowała rekord (P)
    • WA 51/EP
    • d
    • Instytucja, która zmodyfikowała rekord (P)
    • WA U/96ak
    • d
    • Instytucja, która zmodyfikowała rekord (P)
    • WA U/96hjcs
942 -Rodzaj dokumentu [ , ]
    • c
    • Rodzaj dokumentu
    • Książka
245 -Strefa tytułu i oznaczenia odpowiedzialności [0,0]
    • a
    • Tytuł
    • Port szczeciński : Find
    • b
    • Ciąg dalszy tytułu (NP)
    • dzieje i rozwój do 1970 roku : praca zbiorowa / Find
    • c
    • Pozostałe elementy strefy tytułu i oznaczenia odpowiedzialności (NP)
    • pod red. Bronisława Dziedziula ; Instytut Zachodnio-Pomorski w Szczecinie. Zarząd Portu Szczecin.
260 -Strefa adresu wydawniczego [ , ]
    • a
    • Miejsce wydania (P)
    • Warszawa ;
    • a
    • Miejsce wydania (P)
    • Poznań :
    • b
    • Nazwa wydawcy (P)
    • Państwowe Wydawnictwo Naukowe,
    • c
    • Data wydania (P)
    • 1975.
300 -Strefa opisu fizycznego [ , ]
    • a
    • Określenie formy książki i/lub objętość (NP)
    • 459 s., [1] k. tabl. złoż. :
    • b
    • Oznaczenie ilustracji (NP)
    • il., err. ;
    • c
    • Format (NP)
    • 24 cm.
336 -Typ zawartości [ , ]
    • a
    • Termin opisujący typ zawartości
    • Tekst
    • b
    • Kod określający zawartość
    • txt
    • 2
    • Źródło (terminu i kodu)
    • rdacontent
337 -Typ mediów [ , ]
    • a
    • Tryb odtwarzania
    • Bez urządzenia pośredniczącego
    • b
    • Kod typu mediów
    • n
    • 2
    • Źródło (terminu i kodu)
    • rdamedia
338 -Typ/rodzaj nośnika [ , ]
    • a
    • Hasło opisujące typ nośnika
    • Wolumin
    • b
    • Kod typu nośnika
    • nc
    • 2
    • Źródło (terminu i kodu)
    • rdacarrier
490 -Strefa serii i książki wielotomowej - forma nie do wyszukiwania [1, ]
    • a
    • Tytuł (P)
    • Z Prac Sekcji Morskiej / Instytut Zachodniopomorski w Szczecinie ; Find
    • v
    • Numeracja (P)
    • z. 4
490 -Strefa serii i książki wielotomowej - forma nie do wyszukiwania [1, ]
    • a
    • Tytuł (P)
    • Prace Instytutu Zachodnio-Pomorskiego ; Find
    • v
    • Numeracja (P)
    • t. 56
830 -Hasło dodatkowe serii i opisu książki wielotomowej - tytuł ujednolicony/tytuł [ ,0]
    • a
    • Tytuł ujednolicony/tytuł (NP)
    • Z Prac Sekcji Morskiej - Instytut Zachodniopomorski w Szczecinie
    • v
    • Oznaczenie tomu (NP)
    • z. 4
    • 9
    • KHW
    • 400827
830 -Hasło dodatkowe serii i opisu książki wielotomowej - tytuł ujednolicony/tytuł [ ,0]
    • a
    • Tytuł ujednolicony/tytuł (NP)
    • Prace Instytutu Zachodnio-Pomorskiego
    • x
    • ISSN
    • 0860-6641
    • v
    • Oznaczenie tomu (NP)
    • t. 56
    • 9
    • KHW
    • 27918
500 -Uwaga ogólna [ , ]
    • a
    • Uwaga ogólna (NP)
    • W serii gł.: Prace Instytutu Zachodnio-Pomorskiego w Szczecinie, t. 56.
536 -Uwaga dot. finansowania książki [ , ]
    • a
    • Tekst uwagi
    • Praca finansowana przez Zarząd Portu Szczecin
080 -Uniwersalna Klasyfikacja Dziesiętna [ , ]
    • a
    • Symbol klasyfikacji
    • 656.6(438.251)(091)"10/19"(082)
080 -Uniwersalna Klasyfikacja Dziesiętna [ , ]
    • a
    • Symbol klasyfikacji
    • :338.98(438.25)"1945/197"(082)
651 -Hasło przedmiotowe w formie nazwy geograficznej [ ,7]
    • a
    • Nazwa geograficzna
    • Port (Szczecin, Polska)
    • x
    • Określnik rzeczowy
    • historia.
    • 2
    • Źródło terminu
    • kaba
    • 9
    • KHW
    • 510710
980 -Symbol UKD [ , ]
    • a
    • UKD
    • 656.6(438.251)(091)"10/19":338.98(438.25)"1945/197"](082)
700 -Hasło dodatkowe - nazwa osobowa [1, ]
    • a
    • Nazwa osobowa (NP)
    • Dziedziul, Bronisław Find
    • d
    • Daty biograficzne (NP)
    • (1934-1997).
    • e
    • Określenie rodzaju współpracy
    • Red.
    • 9
    • KHW
    • 424005
710 -Hasło dodatkowe - nazwa ciała zbiorowego [2, ]
    • a
    • Nazwa ciała zbiorowego lub nazwa geograficzna jako pierwszy element (NP)
    • Państwowe Wydawnictwo Naukowe (1951-1992).
    • 4
    • Kod relacji
    • pbl
    • 9
    • KHW
    • 52048
Numer inwentarzowy Status udost. Lokalizacja Data inwentaryzacji Sygnatura
S.541012BE1995-12-07 
S.54102-3BE1995-12-07 
S.541032BE1995-12-07 
S.541042BE1995-12-07 
S.541052BE1995-12-07 
W.39117-3BG1995-12-07 
W.39118-3BG1995-12-07 
W.391192BG1995-12-07 
W.391202BG1995-12-07 
W.391212BG1995-12-07 
W.810672BG1995-12-07 
W.1217632BG1995-12-07 
W.1217642BG1995-12-07 
W.1217652BG1995-12-07 
W.1217662BG1995-12-07 
Z.162711BG1995-12-07egz. arch.
H.53311BNS1995-12-07 
F.16083-3BNS1995-12-07 
TS.54106-6T1995-12-07 
TS.54107-3T1995-12-07 
TS.54108-6T1995-12-07 
TS.54109-6T1995-12-07 
TS.54110-6T1995-12-07